|
|
|
|
| LEADER |
00000nam2a2200000 4500 |
| 001 |
163684 |
| 005 |
20231101222420.0 |
| 035 |
|
|
|a (RuTPU)RU\TPU\book\177590
|
| 090 |
|
|
|a 163684
|
| 100 |
|
|
|a 20090820d2009 m y0rusy50 ca
|
| 101 |
0 |
|
|a rus
|
| 102 |
|
|
|a RU
|
| 105 |
|
|
|a a j 001zy
|
| 200 |
0 |
|
|a Ч. 1
|
| 210 |
|
|
|d 2009
|
| 215 |
|
|
|a 78 с.
|c ил.
|
| 320 |
|
|
|a Библиогр.: с. 73-75.
|
| 330 |
|
|
|a На базе теоретических представлений и концепций, составляющих основу общей и неорганической химии, рассматриваются химический состав основных оболочек планеты (атмосферы, гидросферы, литосферы, биосферы) и физико-химические процессы, протекающие в окружающей среде с участием загрязнителей антропогенного происхождения. Приводятся примеры воздействия химических загрязнителей на компоненты оболочек планеты, растительный и животный мир, техносферу и биосферу.
|
| 461 |
|
1 |
|0 (RuTPU)RU\TPU\book\187817
|t Основы экологической химии
|o учебное пособие
|f Л. Н. Блинов, Т. Н. Оркина, Н. П. Танцура
|g Санкт-Петербургский государственный политехнический университет (СПбГПУ)
|v Ч. 1
|d 2009
|
| 606 |
1 |
|
|a Химическая экология
|2 stltpush
|3 (RuTPU)RU\TPU\subj\39145
|9 59337
|
| 610 |
1 |
|
|a атмосфера
|
| 610 |
1 |
|
|a гидросфера
|
| 610 |
1 |
|
|a литосфера
|
| 610 |
1 |
|
|a биосфера
|
| 610 |
1 |
|
|a химические процессы
|
| 610 |
1 |
|
|a учебные пособия
|
| 675 |
|
|
|a 504.054(075.8)
|v 3
|
| 801 |
|
1 |
|a RU
|b 63413507
|c 20090820
|
| 801 |
|
2 |
|a RU
|b 63413507
|c 20150428
|g RCR
|
| 942 |
|
|
|c BK
|
| 959 |
|
|
|a 79/20090629
|d 2
|e 45,00
|f АНЛ:1
|f ЧЗТЛ:1
|